00822nam a2200217 a 4500003000700000005001700007008004100024020001800065040003300083041000800116050002400124110006400148245016400212260003700376300003600413336002800449337003000477338002700507650004600534650002400580CBULib20240418082646.0220629s2021 ||||||||||||||||| || u a9789211130225 aCBULibbEnglishcCBULiberda aeng aUNCTAD(058)DER/2021 aUnited Nations Conference on Trade and Development (UNCTAD)10aDigital economy report 2021 : cross-border data flows and development : for whom the data flowc/ by United Nations Conference on Trade and Development(UNCTAD) aGeneva : bUnited Nations,c2021 axxi, 213 pages : illustrations  aText |2rdacontentbtxt aUnmediated |2rdamediabn aVolume2rdacarrierbnc aELECTRONIC COMMERCE--DEVELOPING COUNTRIES 0aELECTRONIC COMMERCE